| 000 | 00676nam a2200229 i 4500 | ||
|---|---|---|---|
| 001 | bg | ||
| 100 | 1 | _aSLICK, Beth | |
| 245 | 0 |
_aXTree / _cBeth Slick ; tł. [z ang.] Artur Zienkiewicz, Krzysztof Kicyło. |
|
| 250 | _aWyd. 3. | ||
| 260 |
_aWarszawa : _bPLJ, _c1993. |
||
| 300 |
_a363 s. : _bil. ; _c24 cm. |
||
| 500 | _aNa k. tyt. : Trzecie wydanie autoryzowanego podręcznika obsługi programu do zarządzania MS DOS, Windows i twardym dyskiem. | ||
| 650 | 9 | _aXTRee | |
| 655 | _aPodręczniki | ||
| 020 | _a8371010664 | ||
| 040 | _cBPK | ||
| 041 | _apol | ||
| 080 | _a004.451 | ||
| 920 | _a83-7101-066-4 | ||
| 942 | _cKS | ||
| 008 | s pl f |000 0 pol | ||
| 999 |
_c6286 _d6286 |
||
| 856 |
_uhttp://koha.tu.koszalin.pl/cgi-bin/koha/opac-detail.pl?biblionumber=6286 _yKatalog online BPK |
||